| 000 | 00839pam a2200265 a 4500 | ||
|---|---|---|---|
| 008 | |||
| 020 | _a0881677647(hbk.) | ||
| 049 | _aMAIN | ||
| 050 | 0 | 0 | _aREF RL120 CUT |
| 245 | 0 | 0 |
_aAtlas of cutaneous laser surgery / _ceditor, David B. Apfelberg. |
| 260 |
_aNew York : _bRaven Press, _cc1992. |
||
| 300 |
_axii, 483 p. : _bill. (some col.) ; _c29 cm. |
||
| 504 | _aIncludes bibliographical references (p. 463-473) and index. | ||
| 650 | 0 |
_aLasers _xTherapeutic use _xAtlases. |
|
| 650 | 0 |
_aSkin _xSurgery _xAtlases. |
|
| 650 | 2 |
_aLaser Surgery _xatlases. |
|
| 650 | 2 |
_aSkin _xsurgery _xatlases. |
|
| 700 | 1 | _aApfelberg, David B. | |
| 740 | 0 | _aCutaneous laser surgery. | |
| 907 |
_a.b10204507 _b15-08-13 _c07-06-06 |
||
| 003 | |||
| 005 | 20230120204131.0 | ||
| 040 | _cNUST | ||
| 942 | _cBOOKS | ||
| 999 |
_c117739 _d117739 |
||